000 00661nam a2200253 a 4500
001 nice12345678
003 IN_TiNIC
005 20260116012252.0
008 050524s1983 loua grp 000 0 eng
020 _a0664222
_c100
082 0 0 _a270
_bLOE
100 _aLoetscher, Lefferts
245 _aBrief History of the Presbyterians
260 _aLouisville
_bWestminister Press
_c1983
300 _a224p
500 _aincludes index and biblioraphy
505 2 _aBibliography, Topical Index
650 _aChurch-History
650 _aPresbyterian Church
700 1 _aLoetscher, Lefferts
902 _bSRS
942 _cBK
999 _c6318
_d6318